<?xml version="1.0" encoding="UTF-8"?><?xml-stylesheet type="text/xsl" href="static/style.xsl"?><OAI-PMH xmlns="http://www.openarchives.org/OAI/2.0/" xmlns:xsi="http://www.w3.org/2001/XMLSchema-instance" xsi:schemaLocation="http://www.openarchives.org/OAI/2.0/ http://www.openarchives.org/OAI/2.0/OAI-PMH.xsd"><responseDate>2026-04-18T02:57:04Z</responseDate><request verb="GetRecord" identifier="oai:www.recercat.cat:20.500.12327/510" metadataPrefix="marc">https://recercat.cat/oai/request</request><GetRecord><record><header><identifier>oai:recercat.cat:20.500.12327/510</identifier><datestamp>2025-10-22T11:25:07Z</datestamp><setSpec>com_2072_4428</setSpec><setSpec>com_2072_4427</setSpec><setSpec>col_2072_487898</setSpec></header><metadata><record xmlns="http://www.loc.gov/MARC21/slim" xmlns:dcterms="http://purl.org/dc/terms/" xmlns:xsi="http://www.w3.org/2001/XMLSchema-instance" xmlns:doc="http://www.lyncode.com/xoai" xsi:schemaLocation="http://www.loc.gov/MARC21/slim http://www.loc.gov/standards/marcxml/schema/MARC21slim.xsd">
   <leader>00925njm 22002777a 4500</leader>
   <datafield ind2=" " ind1=" " tag="042">
      <subfield code="a">dc</subfield>
   </datafield>
   <datafield ind2=" " ind1=" " tag="720">
      <subfield code="a">Toldrà, Anna</subfield>
      <subfield code="e">author</subfield>
   </datafield>
   <datafield ind2=" " ind1=" " tag="720">
      <subfield code="a">Alcaraz, Carles</subfield>
      <subfield code="e">author</subfield>
   </datafield>
   <datafield ind2=" " ind1=" " tag="720">
      <subfield code="a">Diogène, Jorge</subfield>
      <subfield code="e">author</subfield>
   </datafield>
   <datafield ind2=" " ind1=" " tag="720">
      <subfield code="a">O'Sullivan, Ciara K.</subfield>
      <subfield code="e">author</subfield>
   </datafield>
   <datafield ind2=" " ind1=" " tag="720">
      <subfield code="a">Campàs, Mònica</subfield>
      <subfield code="e">author</subfield>
   </datafield>
   <datafield ind2=" " ind1=" " tag="260">
      <subfield code="c">2019-06-28</subfield>
   </datafield>
   <datafield ind2=" " ind1=" " tag="520">
      <subfield code="a">Ostreopsis cf. ovata is a benthic microalga distributed in tropical and temperate regions worldwide which produces palytoxins (PlTXs). Herein, an electrochemical biosensor for the detection of this toxic microalga is described. The detection strategy involves isothermal recombinase polymerase amplification (RPA) of the target using tailed primers and a sandwich hybridisation assay on maleimide-coated magnetic beads immobilised on electrode arrays. The biosensor attained a limit of detection of 9 pg/μL of O. cf. ovata DNA (which corresponds to ~640 cells/L), with no interferences from two non-target Ostreopsis species (O. cf. siamensis and O. fattorussoi). The biosensor was applied to the analysis of planktonic and benthic environmental samples. Electrochemical O. cf. ovata DNA quantifications demonstrated an excellent correlation with other molecular methods (qPCR and colorimetric assays) and allowed the construction of a predictive regression model to estimate O. cf. ovata cell abundances. This new technology offer great potential to improve research, monitoring and management of O. cf. ovata and harmful algal blooms.</subfield>
   </datafield>
   <datafield ind1="8" ind2=" " tag="024">
      <subfield code="a">Toldrà, Anna, Carles Alcaraz, Jorge Diogène, Ciara K. O'Sullivan, and Mònica Campàs. 2019. "Detection Of Ostreopsis Cf. Ovata In Environmental Samples Using An Electrochemical DNA-Based Biosensor". Science Of The Total Environment 689: 655-661. Elsevier BV. doi:10.1016/j.scitotenv.2019.06.448.</subfield>
   </datafield>
   <datafield ind1="8" ind2=" " tag="024">
      <subfield code="a">0048-9697</subfield>
   </datafield>
   <datafield ind1="8" ind2=" " tag="024">
      <subfield code="a">http://hdl.handle.net/20.500.12327/510</subfield>
   </datafield>
   <datafield ind1="8" ind2=" " tag="024">
      <subfield code="a">https://doi.org/10.1016/j.scitotenv.2019.06.448</subfield>
   </datafield>
   <datafield ind2="0" ind1="0" tag="245">
      <subfield code="a">Detection of Ostreopsis cf. ovata in environmental samples using an electrochemical DNA-based biosensor</subfield>
   </datafield>
</record></metadata></record></GetRecord></OAI-PMH>